| 000 | 02065cas a2200529 i 4500 | ||
|---|---|---|---|
| 999 |
_c523465 _d523465 |
||
| 001 | 19148707 | ||
| 003 | NUST | ||
| 005 | 20190320051103.0 | ||
| 008 | 160620c20149999pk fr p | 0eng | ||
| 010 | _a 2016359175 | ||
| 022 |
_a2410-5392 _l2410-5392 |
||
| 035 | _a(OCoLC)ocn951899759 | ||
| 038 | _aMr. Zahoor | ||
| 040 |
_aDLC _beng _erda _cDLC _dDLC _dOCLCF _dOCLCA |
||
| 042 | _apcc | ||
| 043 | _aa-pk--- | ||
| 050 | 0 | 0 |
_aHF41 _b.N86 |
| 082 | _a658 | ||
| 210 | 0 | 0 | _aNuml int.j.bus.manag |
| 245 | 0 | 0 | _aNUML international journal of business & management. |
| 246 | 1 | 3 | _aNUML international journal of business and management |
| 246 | 1 | 3 | _aNational University of Modern Languages journal of business and management |
| 246 | 1 | 3 | _aNational University of Modern Languages journal of critical inquiry |
| 264 | 1 |
_aIslamabad : _bNational University of Modern Languages, _c2005- |
|
| 300 |
_avolumes; _c26 cm |
||
| 310 | _aSemiannual | ||
| 336 |
_atext _btxt _2rdacontent |
||
| 337 |
_aunmediated _bn _2rdamedia |
||
| 338 |
_avolume _bnc _2rdacarrier |
||
| 530 | _aAlso available via World Wide Web. | ||
| 588 | _aDescription based on: Vol. 10 (2) (December 2015). | ||
| 590 | _aAcquired via LC overseas office. Islamabad Field Office. Most recent issues may not yet be available in LC Washington. | ||
| 650 | 0 |
_aBusiness _vPeriodicals. _913882 |
|
| 650 | 0 |
_aManagement _vPeriodicals. _913883 |
|
| 650 | 0 |
_aManagement _zPakistan _vPeriodicals. _913884 |
|
| 650 | 7 |
_aBusiness. _2fast _0(OCoLC)fst00842262 _913885 |
|
| 650 | 7 |
_aCommerce. _2fast _0(OCoLC)fst00869279 _913886 |
|
| 650 | 7 |
_aManagement. _2fast _0(OCoLC)fst01007141 _913887 |
|
| 651 | 0 |
_aPakistan _xCommerce _vPeriodicals. _913888 |
|
| 651 | 7 |
_aPakistan. _2fast _0(OCoLC)fst01210275 _913889 |
|
| 655 | 7 |
_aPeriodicals. _2fast _0(OCoLC)fst01411641 _913890 |
|
| 710 | 2 |
_aNaishnal Yūnīvarsiṭī āf Māḍran Laingvejiz (Islāmābād, Pakistan) _913891 |
|
| 906 |
_a7 _bcbc _cserorig _d3 _encip _f20 _gn-oclcserc |
||
| 942 |
_2ddc _cCR _s1 |
||